000
00270nam a2200097Ia 4500
001
1113185
005
20250827003945.0
008
250824s9999 xx 000 0 und d
245
0
_a
ASILI DAĞ'IN KAHİNİ
_c
VLADİMİR TUMANOV
260
_b
GÜNIŞIĞI KİTAPLIĞI YAYINLARI
999
_c
1113185
_d
1113185